| 000 | 00000nam##2200000za#4500 |
| 001 | 9.698129 |
| 003 | CaOODSP |
| 005 | 20210624235806 |
| 007 | cr ||||||||||| |
| 008 | 150407|2001||||xxc|||||o f|0| 0 eng|d |
| 040 | |aCaOODSP|beng |
| 043 | |an-cn--- |
| 086 | 1 |aRH64-68/2001E-PDF |
| 110 | 1 |aCanada.|bHuman Resources Development Canada. |bStrategic Policy. |
| 245 | 10|aIncome security programs - literature review of public and private financial incentives for retirement / |h[electronic resource]|c[issued by] Strategic Evaluation and Monitoring, Evaluation and Data Development. Prepared by Morley Gunderson. |
| 260 | |aOttawa - Ontario : |bHuman Resources Development Canada. |cMay 2001. |
| 300 | |a18p. |
| 590 | |a13-16-Supp|b2013-07-12 |
| 690 | 07|aIncome security|2gcpds |
| 690 | 07|aRetirement|2gcpds |
| 775 | 08|tProgrammes de la sécurité du revenu - revue de la documentation relative aux incitations financières à la retraite des régimes privés et universels / |w(CaOODSP)9.642123 |
| 856 | 40|ahttp://publications.gc.ca|qPDF|s134 KB|uhttps://publications.gc.ca/collections/collection_2013/rhdcc-hrsdc/RH64-68-2001-eng.pdf |
| 986 | |aSP-AH083-05-01E |